000 00308nam a2200133Ia 4500
008 191201s2008 xx 000 0 und d
082 _a658.3
_bRAH
100 _aRAO, V S P
245 0 _aHuman Resource Management text
260 _a-
_bExcel Books
_c2008
300 _a709
650 _aMBA
942 _2ddc
_cBK
999 _c3482
_d3482